Modely riadenia inovačných procesov z historickej perspektívy

Riadenie inovačných procesov prostredníctvom inovačných modelov z historického pohľadu. Lineárne modely, spojovací model, interaktívny model. Životný cyklus inovácie a dominantný dizajn. Model otvorenej inovácie - otvorená inovácia. Špecifikácia prístupu, ktorý prináša úspešné inovácie v súčasných p...

Full description

Saved in:
Bibliographic Details
Main Author: Knošková, Ľubica, 1965-
Format: Book Chapter
Language:Slovak
Subjects:
Tags: Add Tag
No Tags, Be the first to tag this record!

MARC

LEADER 00000nla a2200000 4500
001 0246582
005 20240502073946.2
041 0 |a slo 
044 |a SK 
245 1 0 |a Modely riadenia inovačných procesov z historickej perspektívy  |c Ľubica Knošková 
520 |a Riadenie inovačných procesov prostredníctvom inovačných modelov z historického pohľadu. Lineárne modely, spojovací model, interaktívny model. Životný cyklus inovácie a dominantný dizajn. Model otvorenej inovácie - otvorená inovácia. Špecifikácia prístupu, ktorý prináša úspešné inovácie v súčasných podmienkach poznatkovej ekonomiky. 
610 2 0 |a inovácia 
610 2 0 |a modely 
610 2 0 |a riadenie 
610 2 0 |a manažment 
610 2 0 |a história 
610 2 0 |a ekonomika znalostná 
100 1 |a Knošková, Ľubica, 1965-